01189nam a22001697a 4500008004100000020001500041050001700056100002500073245004900098250001800147260002700165300001700192504011600209505061800325650003400943700004200977131202t19821970sp a | |||| 00| 0 spa d a847112099214aLB1028bB418 aBest, John W.eautor10aCómo Investigar en EducacióncJ. W. Best a9a. edición aEspañabMoratac1982 a510 paginas. aPrefacio (pp.11) Contenido (pp.13) Apendice (pp.365) Índice de materias (pp.495) Índice de autores (pp.505) aCapítulo I. El significado de la investigación Capítulo II. Selección del problema Capítulo III. Uso de las referencias Capítulo IV. La investigación histórica Capítulo V. Investigación descriptiva Capítulo VI. Investigación experimental Capítulo VII.Instrumentos de la investigación Capítulo VIII. Interpretación de los datos Capítulo IX. Análisis estadístico de los datos Capítulo X. Análisis deductivo de los datos Capítulo XI. El informe de la investigación Capítulo XII. Algunos estudios importantes de investigación Capítulo XIII. Orientaciones oficiales17aINVESTIGACIÓN PEDAGÓGICA. aGonzalvo Mainar, Gonzalo.,etraducotr